Dietas para combatir la psoriasis /

Guardado en:
Bibliografiske detaljer
Hovedforfatter: Clements, Harry (autor)
Andre forfattere: Bordoy, Vicente (traducción) (traducción)
Format: Bog
Sprog:spansk
Udgivet: México : EDAF, 1983, c1983
Tags: Tilføj Tag
Ingen Tags, Vær først til at tagge denne postø!

MARC

LEADER 00000nam^a2200000^a^4500
001 000555703
005 20250526000000.0
009 20260310131723.863
020 |a 968-445-019-2 
037 |a Acervo ITESO - Biblioteca 
041 |a ESP 
091 |a FHA. 01059 
100 |a Clements, Harry  |e (autor) 
245 1 0 |a Dietas para combatir la psoriasis / 
264 4 |a México :  |b EDAF,  |c 1983, c1983 
300 |a 73 p. ;  |c 18.0 cm. 
336 |a texto  |b txt  |2 rdacontenido 
337 |a sin mediación  |b n  |2 rdamedio 
338 |a volumen  |b nc  |2 rdasoporte 
515 |a Inventario familia Hartung: 1346 
649 |a XX 
700 |a Bordoy, Vicente  |e (traducción) 
910 |a Fondo Horst Hartung Franz 
920 |a Impresos - Libros 
930 |a Libros Antiguos y Raros 
905 |a 135 
901 |a 0500331569  |b IT2  |c LRA  |i D  |u 20250526 
902 |a https://opac.biblio.iteso.mx/vufind/Record/000555703